000 00983pam a2200289 a 4500
005 20260322212016.0
008 data
010 _a 89033924
020 _a0939680572 :
_c{dollar}24.95
020 _a9780939680573 :
_c{dollar}24.95
040 _aDLC
_cDLC
_dDLC
043 _anp-----
050 0 0 _aE99.T34
_bE73 1990
082 0 0 _a978/.004975
_220
092 _a987 E73 1990
100 1 _aErdoes, Richard,
_d1912-
245 1 0 _aCrying for a dream :
_bthe world through native American eyes /
_cRichard Erdoes.
260 _aSanta Fe, N.M. :
_bBear & Co.,
_cc1990.
300 _avi, 121 p. :
_bcol. ill. ;
_c28 cm.
504 _aIncludes bibliographical references (p. 121).
650 0 _aTeton Indians
_xRites and ceremonies.
650 0 _aTeton Indians
_xPictorial works
650 0 _aIndians of North America
_zGreat Plains
_xRites and ceremonies.
650 0 _aIndian cosmology
_zGreat Plains.
650 0 _aIndians of North America
_zGreat Plains
_xPictorial works
001 data
999 _c350
_d350